Kontrolki w samochodzie – poziom łatwy - Statystyki

Ogólne statystyki
  • Ten quiz został rozwiązany 597 razy
  • Średni wynik to 82 z 90
Statystyki odpowiedzi
Zagadnienie Komórka Select % Poprawnych
światła awaryjne? Nie
97%
światła awaryjne? Nie
97%
światła awaryjne? Nie
97%
światła awaryjne? Nie
97%
ogrzewanie przedniej szyby? Nie
97%
ogrzewanie przedniej szyby? Nie
97%
ogrzewanie przedniej szyby? Nie
97%
ogrzewanie przedniej szyby? Nie
97%
hamulec ręczny? Nie
96%
hamulec ręczny? Nie
96%
hamulec ręczny? Nie
96%
hamulec ręczny? Nie
96%
hamulec ręczny? Nie
96%
światła awaryjne? Nie
96%
przegrzanie układu chłodzenia? Nie
96%
przegrzanie układu chłodzenia? Nie
96%
przegrzanie układu chłodzenia? Nie
96%
ogrzewanie przedniej szyby? Nie
96%
ogrzewanie przedniej szyby? Nie
96%
ogrzewanie przedniej szyby? Nie
96%
hamulec ręczny? Nie
95%
przegrzanie układu chłodzenia? Nie
95%
przegrzanie układu chłodzenia? Nie
95%
światła mijania? Nie
95%
światła mijania? Nie
95%
światła mijania? Nie
95%
światła mijania? Nie
95%
kierunkowskazy? Nie
95%
kierunkowskazy? Nie
95%
kierunkowskazy? Nie
95%
kierunkowskazy? Nie
95%
kierunkowskazy? Nie
95%
kierunkowskazy? Nie
95%
hamulec ręczny? Nie
94%
światła awaryjne? Nie
94%
przegrzanie układu chłodzenia? Nie
94%
światła mijania? Nie
94%
światła mijania? Nie
94%
niskie ciśnienie oleju? Nie
94%
niskie ciśnienie oleju? Nie
94%
niskie ciśnienie oleju? Nie
94%
niskie ciśnienie oleju? Nie
94%
kierunkowskazy? Nie
94%
niezapięte pasy bezpieczeństwa? Nie
94%
niezapięte pasy bezpieczeństwa? Nie
94%
niezapięte pasy bezpieczeństwa? Nie
94%
niezapięte pasy bezpieczeństwa? Tak
94%
niezapięte pasy bezpieczeństwa? Nie
94%
niezapięte pasy bezpieczeństwa? Nie
94%
niezapięte pasy bezpieczeństwa? Nie
94%
niezapięte pasy bezpieczeństwa? Nie
94%
światła awaryjne? Żadna z podanych Nie
94%
przegrzanie układu chłodzenia? Żadna z podanych Nie
94%
ogrzewanie przedniej szyby? Żadna z podanych Nie
94%
kierunkowskazy? Żadna z podanych Nie
94%
niezapięte pasy bezpieczeństwa? Żadna z podanych Nie
94%
przegrzanie układu chłodzenia? Nie
93%
ogrzewanie przedniej szyby? Tak
93%
niskie ciśnienie oleju? Nie
93%
niskie ciśnienie oleju? Nie
93%
kierunkowskazy? Tak
93%
przepaloną żarówkę? Nie
93%
przepaloną żarówkę? Nie
93%
przepaloną żarówkę? Nie
93%
przepaloną żarówkę? Nie
93%
przepaloną żarówkę? Nie
93%
przepaloną żarówkę? Nie
93%
przepaloną żarówkę? Nie
91%
niskie ciśnienie oleju? Nie
90%
niskie ciśnienie oleju? Żadna z podanych Nie
90%
przegrzanie układu chłodzenia? Tak
88%
niskie ciśnienie oleju? Tak
86%
niski poziom paliwa? Nie
86%
niski poziom paliwa? Nie
86%
niski poziom paliwa? Nie
86%
niski poziom paliwa? Nie
86%
przepaloną żarówkę? Żadna z podanych Nie
86%
przepaloną żarówkę? Tak
85%
niski poziom paliwa? Nie
85%
hamulec ręczny? Żadna z podanych Nie
85%
niski poziom paliwa? Nie
84%
hamulec ręczny? Tak
82%
niski poziom paliwa? Nie
82%
światła awaryjne? Nie
78%
światła awaryjne? Tak
78%
światła mijania? Nie
78%
światła mijania? Nie
77%
niski poziom paliwa? Nie
75%
niski poziom paliwa? Żadna z podanych Tak
69%
światła mijania? Żadna z podanych Tak
61%
Nie znaleziono quizów pasujących do podanych kryteriów
Rozkład punktacji
Procent ludzi z każdym wynikiem
Percentyl według liczby udzielonych odpowiedzi
Twoja historia wyników
Nie rozwiązałeś tego quizu